Rozhodovacie procesy v manažmente podnikov na Slovensku
Saved in:
| Main Author: | |
|---|---|
| Corporate Author: | |
| Other Authors: | , , , |
| Format: | Book |
| Language: | Slovak |
| Published: |
Bratislava
Vydavateľstvo EKONÓM
2008
|
| Subjects: | |
| Tags: |
No Tags, Be the first to tag this record!
|
MARC
| LEADER | 00000nam$a2200000$$$4500 | ||
|---|---|---|---|
| 001 | 0082813 | ||
| 005 | 20240502071930.3 | ||
| 020 | |a 978-80-225-2597-8 | ||
| 041 | 0 | |a slo | |
| 044 | |a SK | ||
| 245 | 1 | 0 | |a Rozhodovacie procesy v manažmente podnikov na Slovensku |c Ľuboslav Szabo, Lívia Nagyová, Nadežda Jankelová |
| 264 | 1 | |a Bratislava |b Vydavateľstvo EKONÓM |c 2008 | |
| 300 | |a 134 s. | ||
| 610 | 2 | 0 | |a procesy rozhodovacie |
| 610 | 2 | 0 | |a manažment |
| 610 | 2 | 0 | |a riadenie podnikové |
| 610 | 2 | 0 | |a stratégia podniková |
| 610 | 2 | 0 | |a Slovensko |
| 100 | 1 | |a Szabo, Ľuboslav | |
| 700 | 1 | |a Nagyová, Lívia | |
| 700 | 1 | |a Jankelová, Nadežda, 1966- | |
| 700 | 1 | |a Grznár, Miroslav | |
| 700 | 1 | |a Cvečko, Juraj | |
| 710 | 2 | |a Ekonomická univerzita v Bratislave. Fakulta podnikového manažmentu | |